000 00826nam a2200217Ii 4500
003 JO-AjNU
008 230605s9999||||xx |||||||||||||| ||und||
017 _a2005/9227
020 _a977-17-223-1
040 _aJO-AjNU
_bara
_erda
_cJO-AjNU
041 _aara
050 1 4 _aHD30.24.L8722.2006
100 3 _aلطفي،امين السيد احمد,
_eauthor
_932737
245 0 0 _aتقييم المشروعات الاستثمارية باستخدام مونت كارلو للمحاكاة=Evaluating Investment Project By Monte Carlo Simulation
264 3 1 _aالاسكندرية:الدار الجامعية،2006
300 _a341ص
336 _atext
_btxt
_2rdacontent
337 _aunmediated
_bn
_2rdamedia
338 _avolume
_bnc
_2rdacarrier
650 4 _aادارة-تقييم مشاريع-استثمارات
_932738
999 _aA13251
_c16819
_d16819